000 01276cad a22002535a 4500
001 E147046
008 090225s2009 xxk f s000 0 eng d
035 _a(Sirsi) u147046
041 0 _aeng
110 2 _aScotland
_kLaws, etc
245 0 4 _aThe Town and Country Planning (General Permitted Development) (Domestic Microgeneration) (Scotland) Amendment Order 2009
_h[electronic resource]
260 _aEdinburgh
_bScottish Government
_c2009
490 0 _aScottish Statutory Instrument
_v2009: 34
520 _aAmends Schedule 1 of the Town and Country Planning (General Permitted Development) (Scotland) Order 1992 by extending permitted development rights to certain individual microgeneration technologies.
520 _aComes into force 12 March 2009.
521 _aAdvanced
590 _aKA
650 2 4 _aTOWN AND COUNTRY PLANNING (GENERAL PERMITTED DEVELOPMENT) (DOMESTIC MICROGENERATION) (SCOTLAND) AMENDMENT ORDER 2009
650 2 4 _aTOWN AND COUNTRY PLANNING (GENERAL PERMITTED DEVELOPMENT) (SCOTLAND) ORDER 1992
651 4 _aScotland
_y1999-
690 _aPlanning and development
_96259
856 4 0 _uhttps://www.opsi.gov.uk/legislation/scotland/ssi2009/ssi_20090034_en_1
_zView the statutory instrument free of charge at www.opsi.gov.uk...
942 _n0
999 _c109423
_d109423